The characters of Harry Potter - Emoji - Statistics

General Stats
  • This quiz has been taken 628 times
  • The average score is 9 of 13
Answer Stats
Picture Answer % Correct
Harry Potter
100%
Albus Dumbledore
99%
Ron Weasley
99%
Hermione Granger
98%
Remus Lupin
78%
Voldemort
77%
Rubeus Hagrid
74%
Minerva McGonagall
68%
Draco Malfoy
64%
Quirinus Quirell
48%
Neville Longbottom
45%
Luna Lovegood
33%
Severus Snape
20%
No matching quizzes found
Score Distribution
Percent of People with Each Score
Percentile by Number Answered
Your Score History
You have not taken this quiz